000 00740nam a2200217 i 4500
001 62675
003 ES-MaACL
005 20230906164718.0
007 t|
008 031124s1972 sp ||||1| spa d
080 _a821.134.2-31"15"
100 1 _aFernández de Avellaneda, Alonso.
_9149505
245 1 3 _aEl ingenioso hidalgo don Quijote de la Mancha /
_cAlonso Fernández de Avellaneda ; edición, introducción y notas de Fernando García Salinero.
260 _aMadrid :
_bCastalia,
_c[1972]
300 _a468 p., 4 lám. ;
_c18 cm.
490 1 _aClásicos Castalia ;
_v41
700 1 _aSalinero, Fernando G.
_9101955
830 0 _aClásicos Castalia ;
_v41
_9178595
852 _aES-MaACL
_jE-8490
_bR.92706
999 _c62675
_d62675